LEADER 01222nam 2200349 n 450 001 996386720403316 005 20221108053811.0 035 $a(CKB)1000000000622025 035 $a(EEBO)2240911544 035 $a(UnM)99827059 035 $a(UnM)9927875500971 035 $a(EXLCZ)991000000000622025 100 $a19950126d1660 uy | 101 0 $aeng 135 $aurbn||||a|bb| 200 10$aSome of the differences and alterations in the present Common-prayer-book, from the book established by law, in quinto & sexto, Edw. 6. and 1 Eliz$b[electronic resource] 210 $a[London? $cs.n.$d1660] 215 $a7, [1] p 300 $aBy Cornelius Burges. 300 $aCaption title. 300 $aImprint from Wing. 300 $aReproduction of the original in the Harvard University Library. 330 $aeebo-0062 700 $aBurges$b Cornelius$f1589?-1665.$01002137 801 0$bCu-RivES 801 1$bCu-RivES 801 2$bCStRLIN 801 2$bWaOLN 906 $aBOOK 912 $a996386720403316 996 $aSome of the differences and alterations in the present Common-prayer-book, from the book established by law, in quinto & sexto, Edw. 6. and 1 Eliz$92417165 997 $aUNISA LEADER 00935nam0 22002411i 450 001 UON00199928 005 20231205103248.949 100 $a20030730d1975 |0itac50 ba 101 $ager 102 $aDE 105 $a|||| ||||| 200 1 $aˆDer ‰imperialismus$eIdee und Wirklichkeit der englischen und franzosischen Kolonialexpansion 1880-1914$fWinfried Baumgart 210 $aWiesbaden$cFranz Steiner Verlag Gmbh$d1975 215 $a178 p.$d24 cm. 620 $aDE$dWiesbaden$3UONL003153 700 1$aBAUMGART$bWinfried$3UONV109883$0242373 712 $aSteiner$3UONV245907$4650 801 $aIT$bSOL$c20240220$gRICA 899 $aSIBA - SISTEMA BIBLIOTECARIO DI ATENEO$2UONSI 912 $aUON00199928 950 $aSIBA - SISTEMA BIBLIOTECARIO DI ATENEO$dSI III STORIAEUR D D 0311 $eSI SC 890 5 0311 996 $aImperialismus$91255190 997 $aUNIOR LEADER 01883nam0 22003371i 450 001 UON00474110 005 20231205105220.35 010 $a07-294-0401-3 100 $a20170217d1990 |0itac50 ba 101 $afre 102 $aGB 105 $a|||| 1|||| 200 1 $aDe Pascal à Voltaire$ele rôle des Pensées de Pascal dans l'histoire des idées entre 1670 et 1734$fAntony McKenna 210 $aOxford$cThe Voltaire Foundation$d1990 215 $a2 v.$d24 cm. 410 1$1001UON00404884$12001 $aStudies on Voltaire and the eighteenth century$fFondation Voltaire, Theodore Besterman$1210 $aGenève$cPubl. de l'Institut et Musée Voltaire$d1956-1971 ; Banbury ; Oxford$cVoltaire Foundation$d1971-2013.$v276-277 606 $aFilosofia$xFrancia$xSec. 17.-18.$3UONC091119$2FI 606 $aPascal Blaise$3UONC044921$2FI 620 $aGB$dOxford$3UONL000029 676 $a194$cFilosofia occidentale moderna. Francia$v21 676 $a844$cLetteratura francese. Saggi$v21 700 1$aMCKENNA$bAntony$3UONV234135$0154041 712 $aThe Voltaire Foundation$3UONV281139$4650 801 $aIT$bSOL$c20251031$gRICA 912 $aUON00474110 950 $aSIBA - SISTEMA BIBLIOTECARIO DI ATENEO$dSI FS 06769 (1) $eSI FP 13203 5 (1) 950 $aSIBA - SISTEMA BIBLIOTECARIO DI ATENEO$dSI FS 06769 (2) $eSI FP 13204 5 (2) 950 $aSIBA - SISTEMA BIBLIOTECARIO DI ATENEO$dSI Cort VOL 102 a $eSI LO 51224 7 102 a 950 $aSIBA - SISTEMA BIBLIOTECARIO DI ATENEO$dSI Cort VOL 102 b $eSI LO 51225 7 102 b 996 $aDe Pascal à Voltaire$9708172 997 $aUNIOR